Detalles MARC
| 000 -CABECERA |
| campo de control de longitud fija |
02676nam a22002777a 4500 |
| 001 - NÚMERO DE CONTROL |
| campo de control |
113641 |
| 003 - IDENTIFICADOR DEL NÚMERO DE CONTROL |
| campo de control |
DR-UNIBE |
| 005 - FECHA Y HORA DE LA ÚLTIMA TRANSACCIÓN |
| campo de control |
20250516101011.0 |
| 008 - DATOS DE LONGITUD FIJA--INFORMACIÓN GENERAL |
| campo de control de longitud fija |
250516b2025 sp ||||| |||| 00| 0 spa d |
| 020 ## - NÚMERO INTERNACIONAL ESTÁNDAR DEL LIBRO |
| Número Internacional Estándar del Libro |
9788427732230 |
| 040 ## - FUENTE DE LA CATALOGACIÓN |
| Centro catalogador/agencia de origen |
BIBLIOTECA UNIBE |
| Centro/agencia transcriptor |
BIBLIOTECA UNIBE |
| Normas de descripción |
rda |
| 041 ## - CÓDIGO DE LENGUA |
| Código de lengua del texto/banda sonora o título independiente |
spa |
| 082 ## - NÚMERO DE LA CLASIFICACIÓN DECIMAL DEWEY |
| Número de clasificación |
370.7 G212n |
| 100 1# - ENTRADA PRINCIPAL--NOMBRE DE PERSONA |
| Nombre de persona |
Gárate Rivera, Alberto |
| 9 (RLIN) |
195542 |
| Término indicativo de función/relación |
autor |
| 245 10 - MENCIÓN DE TÍTULO |
| Título |
Narrativas sobre la identidad docente : |
| Resto del título |
trayectorias vitales del profesorado universitario / |
| Mención de responsabilidad, etc. |
Alberto Gárate Rivera |
| 260 ## - PUBLICACIÓN, DISTRIBUCIÓN, ETC. |
| Lugar de publicación, distribución, etc. |
Madrid : |
| Nombre del editor, distribuidor, etc. |
Narcea , |
| Fecha de publicación, distribución, etc. |
2025 |
| 300 ## - DESCRIPCIÓN FÍSICA |
| Extensión |
151 páginas |
| 490 ## - MENCIÓN DE SERIE |
| Mención de serie |
Universitaria |
| 505 ## - NOTA DE CONTENIDO CON FORMATO |
| Nota de contenido con formato |
1. El profesor de libros/ Pedro Ortega Ruiz |<br/><br/>2. La hora de educar en el profesor/ Celestino Fernández Barragán |<br/><br/>3. La profesora de la justicia y de la educación comunitaria/ Raquel Rubio Goldsmith |<br/><br/>4. La moral del recuerdo en el profesor/ José A. Moreno Mena |<br/><br/>5. Un contador que profesionalizó la docencia universitaria/ Luis F. Oviedo Villavicencio |<br/><br/>6. El profesor caminante: Los pasos de Miguel Á. Zabalza Beraza |<br/> |
| 520 ## - SUMARIO, ETC. |
| Sumario, etc. |
En este libro se relatan las trayectorias laborales de seis profesores universitarios que ejemplifican, magistralmente, la metáfora del pregonero en la transición de la universidad actual. En su acción educativa, contaron, compartieron y difundieron información; la trasladaron a los pupitres de sus estudiantes y, en años recientes, a las presentaciones proyectadas desde una infalible computadora.<br/><br/>Comenzaron narrando la historia y la ciencia, cada uno desde su perspectiva personal, mientras los cambios sociales y culturales los fueron conduciendo a difundir el conocimiento por vías que, en los albores de su actividad académica, no imaginaron.<br/><br/>¿Qué fue lo que atesoraron? Las noticias del mundo, el saber mismo o, para expresarlo en una frase: el saber de ellos, de los pregoneros modernos que transformaron las plazas públicas y las tabernas del viejo Oeste en salones de clases universitarios. Tom Hanks, encarnando a un veterano de la Guerra de Secesión en Las noticias del gran mundo (2020), honró el arte de pregonar. A su vez, los profesores de estas historias honraron la profesión que eligieron.<br/><br/>Estas historias singulares nos muestran cómo, incluso en tiempos de posmodernidad y globalización, de estandarización de modelos educativos y de metodologías de aprendizaje, persiste la microhistoria: ese espacio donde la docencia cobra su verdadero significado. <br/> |
| 650 #7 - PUNTO DE ACCESO ADICIONAL DE MATERIA--TÉRMINO DE MATERIA |
| Fuente del encabezamiento o término |
lemb |
| Término de materia o nombre geográfico como elemento de entrada |
Educación superior |
| 650 #7 - PUNTO DE ACCESO ADICIONAL DE MATERIA--TÉRMINO DE MATERIA |
| Fuente del encabezamiento o término |
lemb |
| Término de materia o nombre geográfico como elemento de entrada |
Profesores |
| 650 #7 - PUNTO DE ACCESO ADICIONAL DE MATERIA--TÉRMINO DE MATERIA |
| Fuente del encabezamiento o término |
lemb |
| Término de materia o nombre geográfico como elemento de entrada |
Docencia |
| 9 (RLIN) |
97841 |
| 653 ## - TÉRMINO DE INDIZACIÓN--NO CONTROLADO |
| Término no controlado |
Desarrollo profesional docente |
| 942 ## - ELEMENTOS DE PUNTO DE ACCESO ADICIONAL (KOHA) |
| Fuente del sistema de clasificación o colocación |
Sistema de Clasificación Decimal Dewey |
| Tipo de ítem Koha |
Libro (general) |